| 000 | 00669nam a2200229Ia 4500 | ||
|---|---|---|---|
| 001 | 16771 | ||
| 003 | GE_BSU | ||
| 008 | 181216s||||||||xx |||||||||||||| ||und|| | ||
| 040 | _cGE_BSU | ||
| 080 | _a821.353.1-1 | ||
| 100 | _aვარშანიძე, მამია | ||
| 245 | _aსიცოცხლის წყარო | ||
| 245 | _bლექსები | ||
| 245 | _cრედ.გ.სალუქვაძე. | ||
| 260 | _aბათუმი | ||
| 260 | _bსახელგამი | ||
| 260 | _c1953 | ||
| 300 | _a271გვ. ; 18სმ | ||
| 653 | _aლექსები | ||
| 653 | _aსიცოცხლის წყარო | ||
| 942 | _cBK | ||
| 999 |
_c49836 _d49836 |
||